000 00674nam a2200181Ii 4500
003 JO-AjNU
008 230605s9999||||xx |||||||||||||| ||und||
040 _aJO-AjNU
_bara
_erda
_cJO-AjNU
041 _aara
050 1 4 _aKMM64 2000
245 0 0 _aقانون المالكين والمستأجرين رقم (11) لسنة 1994 والقانون المعدل رقم 30 لسنة 2000
264 3 1 _aد.م: د.ن، 2000
300 _a40ص
336 _atext
_btxt
_2rdacontent
337 _aunmediated
_bn
_2rdamedia
338 _avolume
_bnc
_2rdacarrier
650 4 _aعقود الايجار -قوانين وتشريعات - - القانون المدني - الاردن
_946366
999 _aA20164
_c23732
_d23732